000 00435cam a22001337a 4500
008 180718b1981 xxu||||| |||| 00| 0 eng d
082 _aI5 M942
100 _aMurelius, Olof
245 _aInstitutional approach to project analysis in developing countries
_cby Olof Murelius
260 _aDelhi
_bOxford & IBH
_c1981
300 _a106p.
500 _aOECD Development Centre Studies
650 _aProject management - Underdeveloped areas
999 _c349334
_d349334